000 00466nam a22001577a 4500
082 _aT-151
100 _aAmjad Mahmood, Major.
_948571
245 _aDune sand stabilization with cement kiln dust for Cholistan Desert.
260 _aRisalpur.
_bMCE
_cMarch 2000.
300 _ap 152.:
526 _a0
_b0
_c0
_dT_151
650 _a Geo Technical Engineering
_948572
650 _aThesis
_934811
700 _aSyed Mohammad Jamil, Brig.
_948573
942 _2ddc
_cBK
999 _c551458
_d551458